|
|
|
|
| LEADER |
00000nlm0a2200000 4500 |
| 001 |
59517 |
| 005 |
20231031060320.0 |
| 035 |
|
|
|a (RuTPU)RU\TPU\book\62931
|
| 090 |
|
|
|a 59517
|
| 100 |
|
|
|a 20040113d2003 k y0rusy50 ca
|
| 101 |
0 |
|
|a rus
|
| 102 |
|
|
|a RU
|
| 105 |
|
|
|a a dm 001zy
|
| 135 |
|
|
|a drbn ---uucaa
|
| 181 |
|
0 |
|a i
|
| 182 |
|
0 |
|a b
|
| 200 |
1 |
|
|a Электронно-лучевая технология получения нанодисперсных порошков диоксида кремния при атмосферном давлении
|b Электронный ресурс
|e автореферат диссертации на соискание ученой степени кандидата технических наук
|f А. И. Корчагин
|g Институт ядерной физики СО РАН; науч. рук.: С. П. Бардаханов
|
| 203 |
|
|
|a Текст
|c электронный
|
| 210 |
|
|
|a Томск
|c [Б. и.]
|d 2003
|
| 215 |
|
|
|a 1 файл (902 Kb)
|
| 230 |
|
|
|a Электронные текстовые данные (1 файл : 902 Kb)
|
| 300 |
|
|
|a Заглавие с титульного экрана
|
| 300 |
|
|
|a Электронная версия печатной публикации
|
| 337 |
|
|
|a Adobe Reader
|
| 452 |
|
1 |
|0 (RuTPU)RU\TPU\book\60479
|t Электронно-лучевая технология получения нанодисперсных порошков диоксида кремния при атмосферном давлении
|o Автореферат диссертации на соискание ученой степени кандидата технических наук
|o Спец.: 05.17.11
|f А. И. Корчагин
|g Институт ядерной физики СО РАН; Науч. рук. С. П. Бардаханов
|c Томск
|n Б.и.
|d 2003
|p 17 с.
|a Корчагин, Алексей Иванович
|
| 610 |
1 |
|
|a металлообработка
|
| 610 |
1 |
|
|a нанодисперсные порошки
|
| 610 |
1 |
|
|a концентрированный пучок
|
| 610 |
1 |
|
|a применение
|
| 610 |
1 |
|
|a технология
|
| 610 |
1 |
|
|a электроны
|
| 610 |
1 |
|
|a генерация
|
| 610 |
1 |
|
|a использование
|
| 610 |
1 |
|
|a свойства
|
| 610 |
1 |
|
|a наноматериалы
|
| 610 |
1 |
|
|a авторефераты диссертаций
|
| 610 |
1 |
|
|a электронный ресурс
|
| 675 |
|
|
|a 621.762.2(04)
|v 3
|
| 686 |
|
|
|a 05.17.11
|2 oksvnk
|
| 700 |
|
1 |
|a Корчагин
|b А. И.
|g Алексей Иванович
|
| 702 |
|
1 |
|a Бардаханов
|b С. П.
|g Сергей Прокопьевич
|4 727
|
| 712 |
0 |
2 |
|a Российская академия наук (РАН)
|b Сибирское отделение (СО)
|b Институт ядерной физики им. Г. И. Будкера (ИЯФ)
|c (Новосибирск)
|2 stltpush
|3 (RuTPU)RU\TPU\col\4002
|
| 801 |
|
1 |
|a RU
|b 63413507
|c 20040113
|g PSBO
|
| 801 |
|
2 |
|a RU
|b 63413507
|c 20151112
|g PSBO
|
| 856 |
4 |
|
|u http://www.lib.tpu.ru/fulltext/a/2003/66.pdf
|
| 942 |
|
|
|c CF
|